000 00316nam a2200121Ia 4500
008 220120s9999||||xx |||||||||||||| ||und||
082 _a823 WIN
100 _aWindham, Ryder
_911915
245 0 _aStar wars adventures: episode-1
260 _aScholastic INC
_bBelagaum
300 _a95p.;28cm
_b0
650 _aCHEMISTRY
999 _c137454
_d137454